000 00482 a2200157 4500
001 87105
022 _a9780195384932
082 _a621.382/LAT
090 _c41008
_d41008
100 _aBhagwandas Pannalal Lathi; Zhi Ding
245 _aModern Digital and Analog Communication Systems, International 4th ED
250 _aInternational 4th ED
260 _aNew York
_bOxford University Press
_c2010
300 _axxii, 904p
_bHd Indian Ed
500 _aBE textbook Avionics
942 _aCAE-NUST
_k621.382 LAT
_cAV
999 _c322178
_d322178